[Event "Oberliga Ost-A 1516"]
[Site "Germany"]
[Date "2016.03.13"]
[Round "9.7"]
[White "Schaarschmidt, Marco"]
[Black "Hartge, Gedeon"]
[Result "1/2-1/2"]
[WhiteElo "2058"]
[BlackElo "1858"]
[PlyCount "83"]
[EventDate "2015.09.20"]
[EventType "team-tourn"]
[EventRounds "11"]
[EventCountry "GER"]
[SourceTitle "EXT 2017"]
[Source "ChessBase"]
[SourceDate "2016.10.25"]
[SourceVersion "1"]
[SourceVersionDate "2016.10.25"]
[SourceQuality "1"]
[WhiteTeam "Bannewitz"]
[BlackTeam "Halle Volksbank"]
[WhiteTeamCountry "GER"]
[BlackTeamCountry "GER"]

1. e4 c5 2. Nc3 e6 3. f4 d5 4. Nf3 Nf6 5. Bb5+ Nc6 6. Bxc6+ bxc6 7. Qe2 Be7 8. d3 Qb6 9. b3 0-0 10. Na4 Qc7 11. c4 Rd8 12. 0-0 Nd7 13. Bd2 Nb6 14. Nc3 a5 15. a4 Ba6 16. Rae1 Nc8 17. Na2 Bf8 18. e5 Ne7 19. g4 Bc8 20. Be3 Qb6 21. Nc1 Bd7 22. Qf2 Nc8 23. Nh4 d4 24. Bd2 Ne7 25. Re2 Ng6 26. Nf3 Qc7 27. Ng5 Be7 28. Ne4 Bh4 29. Qg2 Be7 30. g5 Nh4 31. Qg4 Nf5 32. Rf3 Rab8 33. Rh3 g6 34. Ng3 Rb7 35. Ne4 Rdb8 36. Rf3 Rxb3 37. Nxb3 Rxb3 38. h4 Rb1+ 39. Kf2 Qb6 40. Rh3 Qb3 41. h5 Qxa4 42. hxg6 1/2-1/2

[Event "Oberliga Ost-A 1516"]
[Site "Germany"]
[Date "2015.10.10"]
[Round "2.7"]
[White "Kalkhof, Stefan"]
[Black "Schaarschmidt, Marco"]
[Result "1-0"]
[WhiteElo "2221"]
[BlackElo "2058"]
[PlyCount "52"]
[EventDate "2015.09.20"]
[EventType "team-tourn"]
[EventRounds "11"]
[EventCountry "GER"]
[SourceTitle "EXT 2017"]
[Source "ChessBase"]
[SourceDate "2016.10.25"]
[SourceVersion "1"]
[SourceVersionDate "2016.10.25"]
[SourceQuality "1"]
[WhiteTeam "Loeberitz"]
[BlackTeam "Bannewitz"]
[WhiteTeamCountry "GER"]
[BlackTeamCountry "GER"]

1. Nf3 g6 2. d4 Bg7 3. c4 Nf6 4. Nc3 d6 5. e4 c5 6. d5 a6 7. a4 0-0 8. Be2 Qc7 9. 0-0 e6 10. Qc2 exd5 11. cxd5 Bg4 12. Bf4 Nh5 13. Be3 Nd7 14. h3 Bxf3 15. Bxf3 Nhf6 16. g4 Ne8 17. Be2 b6 18. Bg5 f6 19. Bh4 Qd8 20. f4 Qe7 21. Rae1 g5 22. Bg3 gxf4 23. Bxf4 Qf7 24. Nd1 Qg6 25. Ne3 Ne5 26. Nf5 Rf7 1-0

[Event "Dresden ZMD op"]
[Site "Dresden"]
[Date "2007.07.29"]
[Round "9"]
[White "Mertin, Jan"]
[Black "Schaarschmidt, Marco"]
[Result "1/2-1/2"]
[WhiteElo "1987"]
[BlackElo "2089"]
[PlyCount "81"]
[EventDate "2007.07.21"]
[EventType "swiss"]
[EventRounds "9"]
[EventCountry "GER"]
[SourceTitle "EXT 2008"]
[Source "ChessBase"]
[SourceDate "2007.11.25"]
[SourceVersion "1"]
[SourceVersionDate "2007.11.25"]
[SourceQuality "1"]

1. e4 g6 2. d4 Bg7 3. Nc3 d6 4. Nf3 a6 5. a4 Bg4 6. Be2 Nd7 7. Be3 Rc8 8. Qd2 c5 9. 0-0 Bxf3 10. Bxf3 cxd4 11. Bxd4 Ngf6 12. Rad1 0-0 13. Nd5 Nxd5 14. Bxg7 Kxg7 15. exd5 Ne5 16. Be2 Qb6 17. b3 f5 18. Rde1 f4 19. Bd1 Rf6 20. Re4 Rcf8 21. h4 Qc7 22. Rfe1 h6 23. c4 f3 24. gxf3 Rxf3 25. Kg2 Qd7 26. Bxf3 Rxf3 27. Qe2 Qh3+ 28. Kg1 Rf5 29. f4 Qg3+ 30. Qg2 Nf3+ 31. Kf1 Qxg2+ 32. Kxg2 Nxe1+ 33. Rxe1 Kf7 34. Kg3 Rf6 35. b4 e6 36. dxe6+ Rxe6 37. Rd1 Ke7 38. Kf3 Kd7 39. h5 Kc6 40. Rd5 Rf6 41. hxg6 1/2-1/2

[Event "Erlangen op 17th"]
[Site "Erlangen"]
[Date "2002.??.??"]
[Round "?"]
[White "Hoefelsauer, Thomas"]
[Black "Schaarschmidt, Marco"]
[Result "0-1"]
[WhiteElo "1490"]
[BlackElo "2070"]
[PlyCount "88"]
[EventDate "2002.??.??"]
[EventType "swiss"]
[EventRounds "5"]
[EventCountry "GER"]
[SourceTitle "EXT 2005"]
[Source "ChessBase"]
[SourceDate "2004.11.15"]
[SourceVersion "1"]
[SourceVersionDate "2004.11.15"]
[SourceQuality "1"]

1. e4 d6 2. Nf3 Nf6 3. Nc3 g6 4. d4 Bg7 5. Be3 0-0 6. Be2 c6 7. 0-0 Qc7 8. Qd2 Ng4 9. h3 Nxe3 10. Qxe3 Nd7 11. Rad1 b5 12. d5 b4 13. dxc6 bxc3 14. cxd7 Bxd7 15. b3 Rab8 16. Nd4 Qc5 17. Rd3 Qa3 18. Rxc3 Rfc8 19. Bc4 Qxa2 20. Rd1 a5 21. Ba6 Rd8 22. Rc7 a4 23. Qe2 Qb2 24. Qd2 a3 25. c3 Ra8 26. Qxb2 axb2 27. Bd3 Ra1 28. Bb1 Bh6 29. Ne2 Bc1 30. Bc2 Be6 31. Rb7 d5 32. Rb4 d4 33. Rbxd4 Rxd4 34. Nxd4 Be3 35. Rb1 Bxd4 36. cxd4 Bxb3 37. Kh2 Bxc2 38. Rxb2 Bxe4 39. Re2 Bf5 40. Rxe7 Rd1 41. Re8+ Kg7 42. Rd8 Kf6 43. Rd6+ Ke7 44. Rd5 Be6 0-1

[Event "Erlangen op 17th"]
[Site "Erlangen"]
[Date "2002.??.??"]
[Round "?"]
[White "Schaarschmidt, Marco"]
[Black "Zezulkin, Jurij"]
[Result "1/2-1/2"]
[WhiteElo "2070"]
[BlackElo "2524"]
[PlyCount "83"]
[EventDate "2002.??.??"]
[EventType "swiss"]
[EventRounds "5"]
[EventCountry "GER"]
[SourceTitle "EXT 2005"]
[Source "ChessBase"]
[SourceDate "2004.11.15"]
[SourceVersion "1"]
[SourceVersionDate "2004.11.15"]
[SourceQuality "1"]

1. e4 c5 2. Nf3 Nc6 3. c3 Nf6 4. e5 Nd5 5. d4 cxd4 6. cxd4 d6 7. Bc4 Nb6 8. Bb3 d5 9. 0-0 Bg4 10. Be3 e6 11. Nc3 Be7 12. h3 Bh5 13. Rc1 Rc8 14. g4 Bg6 15. Ne1 h5 16. Nd3 hxg4 17. hxg4 Bb4 18. f3 Nc4 19. Bxc4 Bxc3 20. bxc3 dxc4 21. Nf4 Qh4 22. Ng2 Qd8 23. Nf4 Ne7 24. Kg2 Nd5 25. Nxd5 Qxd5 26. Qa4+ b5 27. Qb4 a5 28. Qb2 Kd7 29. Rh1 Bd3 30. Kg3 Rb8 31. Qa3 b4 32. cxb4 Rxh1 33. Rxh1 axb4 34. Qa4+ Qc6 35. Qa7+ Qb7 36. Qa4+ Qc6 37. Qa7+ Rb7 38. Qa8 Qc8 39. Qa4+ Qc6 40. Qa8 Qc8 41. Qa6 Qc6 42. Qa8 1/2-1/2

[Event "Erlangen op 17th"]
[Site "Erlangen"]
[Date "2002.??.??"]
[Round "?"]
[White "White, Herbert"]
[Black "Schaarschmidt, Marco"]
[Result "0-1"]
[WhiteElo "1750"]
[BlackElo "2070"]
[PlyCount "50"]
[EventDate "2002.??.??"]
[EventType "swiss"]
[EventRounds "5"]
[EventCountry "GER"]
[SourceTitle "EXT 2005"]
[Source "ChessBase"]
[SourceDate "2004.11.15"]
[SourceVersion "1"]
[SourceVersionDate "2004.11.15"]
[SourceQuality "1"]

1. d4 Nf6 2. c4 g6 3. Nc3 d5 4. cxd5 Nxd5 5. e4 Nb6 6. Bd3 Bg7 7. Nge2 0-0 8. Be3 Nc6 9. Bb5 Bd7 10. Qd2 a6 11. 0-0 axb5 12. Nxb5 Nc4 13. Qc3 Nxe3 14. fxe3 Na7 15. Na3 Nb5 16. Nxb5 Bxb5 17. Qc2 c5 18. dxc5 Qd3 19. Qxd3 Bxd3 20. Nd4 Bxf1 21. Kxf1 Rfd8 22. Ke2 Bxd4 23. exd4 Rxd4 24. b3 Rad8 25. Ke3 e5 0-1